000 03235nam a22003737a 4500
005 20110628104948.0
010 _aENG-102869 B-445902-913
020 _a818781893X
_c350.00
035 _aEN-86402 B-445902-913
037 _bDBAD/PUB
037 _bAllied/Ven
082 _a371.3078
100 _aAggarwal, Vijay
_946405
245 _aEducational technology /
_cby Vijay Aggarwal
260 _aNew Delhi
_bLakshay Publications
_c2011
270 _a7/26, G.Floor, Ansari Road, Darya ganj
_bNew Delhi
_e110002
300 2 _a296p
_c22cm (pbk)
700 _928907
942 _2ddc
_cEN
_h371.3078
_mAGG
999 _c53484
_d53484